000 00531nam a22001577a 4500
999 _c20105
_d20105
008 240408b ||||| |||| 00| 0 eng d
020 _a983962928X
082 _aDC 658.453
_bT15 1990
100 _aTan, Anita.
_956399
245 _aModel Business correspondence (panduan surat-menyurat perniagaan) /
_cAnita Tan.
260 _aMalaysia :
_bS. Abdul Majeed & Co.,
_c©1990.
300 _a186 pages :
_billustrations ;
_c20 cm.
650 _aCommercial correspondence.
_924872
650 _aBusiness writing.
_956404
942 _2ddc
_cDC